<?xml version="1.0" encoding="UTF-8"?>
<collection xmlns="http://www.loc.gov/MARC21/slim">
 <record>
  <leader>00491nam a22001335a 4500</leader>
  <controlfield tag="001">EEA.libagro003562</controlfield>
  <controlfield tag="005">20190528114917.0</controlfield>
  <controlfield tag="008">130809s1975####pe############000#0#spa#d</controlfield>
  <datafield tag="082" ind1="0" ind2="4">
   <subfield code="a">631.7</subfield>
  </datafield>
  <datafield tag="100" ind1="1" ind2=" ">
   <subfield code="a">Mejía Díaz, P.</subfield>
  </datafield>
  <datafield tag="245" ind1="1" ind2="0">
   <subfield code="a">Procedimientos recomendados para el cálculo del uso consuntivo y necesidades de riego en los cultivos /</subfield>
   <subfield code="c">P. Mejía Díaz ... [et al.].</subfield>
  </datafield>
  <datafield tag="260" ind1=" " ind2=" ">
   <subfield code="a">Lima :</subfield>
   <subfield code="b">IICA Zona Andina,</subfield>
   <subfield code="c">1975.</subfield>
  </datafield>
  <datafield tag="300" ind1=" " ind2=" ">
   <subfield code="a">64 p. ;</subfield>
   <subfield code="c">29 cm.</subfield>
  </datafield>
  <datafield tag="859" ind1=" " ind2=" ">
   <subfield code="a">AR-BbBCA</subfield>
   <subfield code="b">BIB. AGRONOMIA</subfield>
   <subfield code="h">631.7</subfield>
   <subfield code="i">Ii25</subfield>
   <subfield code="p">1985/0799</subfield>
  </datafield>
 </record>
</collection>
